[Event "34th Chess Olympiad (men)"]
[Site "Istanbul"]
[Date "2000.10.30"]
[Round "3.54.3"]
[White "Phiri, Payani"]
[Black "Kiernan, Mark"]
[WhiteElo "2114"]
[BlackElo "2125"]
[WhiteCountry "ZAM"]
[BlackCountry "HKG"]
[Result "1-0"]

1. e4 c6 2. d4 d5 3. exd5 cxd5 4. c4 Nf6 5. Nc3 e6 6. Nf3 Be7 7. Bd3 O-O 
8. O-O dxc4 9. Bxc4 a6 10. Ne5 b5 11. Qf3 Ra7 12. Bb3 Bb7 13. Qh3 Bd5 
14. Nxd5 exd5 15. Bc2 Rc7 16. Bd3 Nbd7 17. Bf4 Bd6 18. Bg5 h6 19. Bf4 Bxe5 
20. dxe5 Ne4 21. e6 Ndc5 22. Bxc7 Qxc7 23. exf7+ Qxf7 24. Bxe4 Nxe4 25. Qe3 h5 
26. f3 Nf6 27. Rfe1 Re8 28. Qd4 Rc8 29. Rac1 Rxc1 30. Rxc1 Qe6 31. Kf2 Qf5 
32. Re1 Qc2+ 33. Re2 Qf5 34. h3 Ne4+ 35. Kg1 Ng3 36. Re1 Qc2 37. Qxd5+ Kh8 
38. Qb3 Qc5+ 39. Qe3 Qc2 40. Qb3 Ne2+ 41. Kf2 
1-0

[Event "34th Chess Olympiad (men)"]
[Site "Istanbul"]
[Date "2000.10.30"]
[Round "3.54.4"]
[White "Chau, Sau Ming"]
[Black "Mbambara, Tizenge"]
[WhiteElo "2000"]
[BlackElo "2122"]
[WhiteCountry "HKG"]
[BlackCountry "ZAM"]
[Result "0-1"]

1. d4 d5 2. c4 c6 3. cxd5 cxd5 4. Nc3 e6 5. Nf3 Bd6 6. e3 Nc6 7. Bd3 Nf6 
8. O-O a6 9. Bd2 Nb4 10. Be2 Nc6 11. Rc1 Bd7 12. Na4 Ne4 13. Nc5 Nxc5 
14. dxc5 Be7 15. Bd3 e5 16. Bb1 Qc7 17. b4 Bg4 18. h3 Bh5 19. g4 Bg6 20. a4 e4 
21. Nd4 h5 22. f4 exf3 23. Qxf3 hxg4 24. Qxg4 Rh4 25. Qg2 Bxb1 26. Rxb1 Nxd4 
27. exd4 O-O-O 28. Rxf7 Rxd4 29. Bc3 Rd3 30. Rf3 Bxc5+ 31. Kh1 Rxf3 
32. Qxf3 Bd6 33. Qg4+ Rd7 34. Bxg7 Qc2 35. Rb2 Qxa4 36. h4 Kb8 37. Bd4 Bc7 
38. b5 Qa1+ 39. Kg2 Rd8 40. b6 Bd6 41. h5 Qc1 42. Qg6 Qf4 43. Bg7 Qh2+ 
44. Kf3 Qf4+ 45. Kg2 Qh2+ 46. Kf3 Qf4+ 47. Kg2 d4 48. Rf2 Qh2+ 49. Kf3 Qh3+ 
50. Ke4 Qe3+ 
0-1

[Event "34th Chess Olympiad (men)"]
[Site "Istanbul"]
[Date "2000.10.30"]
[Round "3.55.1"]
[White "Smith, Louis"]
[Black "Luga, Allan"]
[WhiteElo "2178"]
[BlackElo "2000"]
[WhiteCountry "AHO"]
[BlackCountry "PNG"]
[Result "1-0"]

1. e4 c5 2. Nf3 d6 3. d4 cxd4 4. Nxd4 Nf6 5. Nc3 g6 6. Be2 Bg7 7. Be3 O-O 
8. O-O a6 9. Qd2 Ng4 10. Bxg4 Bxg4 11. h3 Bd7 12. Rad1 Qc7 13. Nd5 Qd8 
14. Nb3 Bb5 15. Rfe1 Nd7 16. Bh6 Re8 17. Bxg7 Kxg7 18. Nd4 Bc4 19. Ne3 Ne5 
20. f4 Bxa2 21. fxe5 dxe5 22. Ndf5+ Kf8 23. Qxd8 Raxd8 24. Nh4 Be6 25. Nf3 f6 
26. Rxd8 Rxd8 27. Kf2 Kf7 28. Ke2 Rd6 29. b3 h5 30. Nc4 Rc6 31. Nfxe5+ fxe5 
32. Nxe5+ Kf6 33. Nxc6 bxc6 34. Ke3 c5 35. Ra1 c4 36. Rxa6 Kf7 37. b4 Bd7 
38. Kd4 Bb5 39. Rb6 Ba4 40. c3 Bd1 41. h4 Be2 42. Rc6 Bf1 43. g3 
1-0

[Event "34th Chess Olympiad (men)"]
[Site "Istanbul"]
[Date "2000.10.30"]
[Round "3.55.2"]
[White "Press, Shaun"]
[Black "Neumann, Han H W M"]
[WhiteElo "2000"]
[BlackElo "2228"]
[WhiteCountry "PNG"]
[BlackCountry "AHO"]
[Result "1/2-1/2"]

1. e4 c5 2. Nf3 Nc6 3. d4 cxd4 4. Nxd4 Nf6 5. Nc3 e5 6. Ndb5 d6 7. Bg5 a6 
8. Na3 b5 9. Nd5 Be7 10. Bxf6 Bxf6 11. Nxf6+ Qxf6 12. c3 O-O 13. Be2 Rd8 
14. Nc2 Rb8 15. Ne3 Be6 16. O-O Qe7 17. Bg4 Qd7 18. Qe2 Bxg4 19. Qxg4 Qxg4 
20. Nxg4 d5 21. exd5 Rxd5 22. Rad1 Rbd8 23. Ne3 Rxd1 24. Rxd1 Rxd1+ 
25. Nxd1 Kf8 26. Kf1 Ke7 27. Ne3 Ke6 28. Ke2 f5 29. Nf1 a5 30. Nd2 Kd5 
31. f3 a4 32. Kd3 Na5 33. b3 Nb7 34. c4+ bxc4+ 35. Nxc4 axb3 36. axb3 Nc5+ 
37. Kc3 e4 38. fxe4+ Nxe4+ 39. Kd3 Nc5+ 40. Kc3 Ne4+ 41. Kd3 Nc5+ 42. Kc3 Ne4+ 
1/2-1/2

[Event "34th Chess Olympiad (men)"]
[Site "Istanbul"]
[Date "2000.10.30"]
[Round "3.55.3"]
[White "Mensing, Fabio"]
[Black "Albis, Jeppers"]
[WhiteElo "2000"]
[BlackElo "2000"]
[WhiteCountry "AHO"]
[BlackCountry "PNG"]
[Result "1/2-1/2"]

1. d4 f5 2. c4 Nf6 3. Nc3 e6 4. g3 c6 5. Bg2 d5 6. Nf3 Be7 7. Ne5 O-O 
8. O-O Nbd7 9. Nxd7 Bxd7 10. cxd5 exd5 11. a3 b5 12. Bf4 a5 13. Qc2 Qb6 
14. e3 b4 15. Na4 Qb5 16. Nc5 Bxc5 17. dxc5 b3 18. Qc3 a4 19. Rfd1 Qe2 
20. f3 Be6 21. Rd4 Nd7 22. Re1 Qc2 23. Rc1 Qxc3 24. Rxc3 Ra5 25. Bf1 Re8 
26. Bd6 g6 27. Bh3 Bf7 28. Rb4 Ne5 29. Bxe5 Rxe5 30. Kf2 Ra7 31. Bf1 Be8 
32. h4 Kf7 33. Rf4 Ke6 34. Rd4 Kd7 35. Be2 Kc8 36. Bf1 Kc7 37. Be2 Bd7 38. Bf1 
1/2-1/2

[Event "34th Chess Olympiad (men)"]
[Site "Istanbul"]
[Date "2000.10.30"]
[Round "3.55.4"]
[White "Marko, Helmut"]
[Black "Maduro, Sherman"]
[WhiteElo "2205"]
[BlackElo "2230"]
[WhiteCountry "PNG"]
[BlackCountry "AHO"]
[Result "1-0"]

1. e4 c5 2. c3 d5 3. exd5 Nf6 4. d4 Qxd5 5. Nf3 Bg4 6. Be2 Nc6 7. c4 Qd7 
8. d5 Bxf3 9. Bxf3 Nd4 10. Be3 Nxf3+ 11. Qxf3 g6 12. O-O Bg7 13. Nc3 O-O 
14. Rfe1 Rac8 15. h3 a6 16. a4 b6 17. Rad1 Ne8 18. Bg5 Nf6 19. Re2 h6 
20. Bc1 Rfe8 21. b3 Rcd8 22. Rde1 e6 23. dxe6 Rxe6 24. Rxe6 fxe6 25. Bxh6 Bxh6 
26. Qxf6 Bg7 27. Qxg6 Qd3 28. Qxe6+ Kh8 29. Rd1 Qxd1+ 30. Nxd1 Rxd1+ 
31. Kh2 Rf1 32. Kg3 Rc1 33. Qxb6 
1-0

[Event "34th Chess Olympiad (men)"]
[Site "Istanbul"]
[Date "2000.10.30"]
[Round "3.56.1"]
[White "Allen, Daryl"]
[Black "Farrand, Tom"]
[WhiteElo "2000"]
[BlackElo "2270"]
[WhiteCountry "ISV"]
[BlackCountry "JCI"]
[Result "1/2-1/2"]

1. e4 c5 2. Nf3 e6 3. d4 cxd4 4. Nxd4 Nf6 5. Bd3 Nc6 6. Nxc6 bxc6 7. Nc3 e5 
8. O-O d6 9. h3 Be7 10. f4 exf4 11. Rxf4 Nd7 12. Rb1 Ne5 13. Rf1 Be6 
14. Bf4 O-O 15. b3 Qb6+ 16. Kh1 Bf6 17. Na4 Qc7 18. Qd2 Ng6 19. Bg3 Be5 
20. Bxe5 Nxe5 21. Be2 Rad8 22. Qe3 f6 23. c4 c5 24. Nc3 Nc6 25. Nd5 Bxd5 
26. exd5 Nd4 27. Qd3 a5 28. Rbe1 Rde8 29. Bd1 g6 30. Rxe8 Rxe8 31. Rxf6 Re1+ 
32. Rf1 Qe7 33. Rxe1 Qxe1+ 34. Kh2 Nf5 35. Be2 Qa1 36. a4 Qe5+ 37. Kg1 Qe8 
1/2-1/2

[Event "34th Chess Olympiad (men)"]
[Site "Istanbul"]
[Date "2000.10.30"]
[Round "3.56.2"]
[White "Khan, Mohammed"]
[Black "Carty, Leo"]
[WhiteElo "2197"]
[BlackElo "2000"]
[WhiteCountry "JCI"]
[BlackCountry "ISV"]
[Result "1-0"]

1. c4 Nf6 2. g3 e6 3. Bg2 c5 4. Nf3 Nc6 5. O-O Be7 6. Nc3 O-O 7. d4 d5 
8. cxd5 exd5 9. Bg5 h6 10. Bxf6 Bxf6 11. dxc5 Bxc3 12. bxc3 Be6 13. Nd4 Rc8 
14. Nb5 Rb8 15. Rb1 Qa5 16. Bxd5 Rfd8 17. e4 a6 18. Nd6 Qxc3 19. Rc1 Qa3 
20. Qb3 Qxb3 21. axb3 Nd4 22. Kg2 Bxd5 23. exd5 Nxb3 24. Rc3 Nxc5 25. Nf5 Ne4 
26. Rc7 Nd6 27. Ne7+ Kh7 28. f4 g6 29. g4 Kg7 30. f5 g5 31. f6+ Kf8 
32. Rfc1 Ra8 33. Kf3 a5 34. Ke3 a4 35. Kd3 a3 36. Ra1 a2 37. Kc2 b5 
38. Kb3 Rdb8 39. Rxa2 Rxa2 40. Kxa2 b4 41. Kb3 Nb5 42. Rc8+ Rxc8 43. Nxc8 Ke8 
44. Kxb4 Nc7 45. Kc5 Kd7 46. Nb6+ Kd8 47. Nc4 Ke8 48. Nd6+ Kf8 49. Kc6 Na6 
50. Nf5 
1-0

[Event "34th Chess Olympiad (men)"]
[Site "Istanbul"]
[Date "2000.10.30"]
[Round "3.56.3"]
[White "Babic, Nenad"]
[Black "Boxal, Graham"]
[WhiteElo "2080"]
[BlackElo "2000"]
[WhiteCountry "ISV"]
[BlackCountry "JCI"]
[Result "0-1"]

1. e4 d6 2. b3 Nf6 3. Bb2 Nxe4 4. d3 Nf6 5. g3 e5 6. Bg2 g6 7. Ne2 Bg7 
8. O-O O-O 9. Nbc3 c6 10. Rb1 Bg4 11. Qd2 Nbd7 12. f4 Qb6+ 13. Kh1 Rad8 
14. fxe5 Rxe5 15. Nf4 Re7 16. Na4 Qc7 17. Rf2 Rfe8 18. Rbf1 Ne5 19. d4 Ned7 
20. c4 Bf5 21. d5 c5 22. h3 Be4 23. Nc3 Bxg2+ 24. Kxg2 a6 25. Nd3 Nh5 
26. Nd1 Ndf6 27. Nc3 Re3 28. Rf3 Rxf3 29. Rxf3 Ne4 30. Nxe4 Rxe4 31. g4 Qe7 
32. Nc1 Bxb2 33. Qxb2 Nf4+ 34. Kg3 g5 35. Qd2 Qe5 36. Kf2 f6 37. a3 b6 
38. h4 h6 39. hxg5 hxg5 40. Re3 Kg7 41. b4 f5 42. gxf5 Qxf5 43. Rxe4 Qxe4 
44. Qc3+ Qd4+ 45. Qxd4+ cxd4 46. Ne2 Nxe2 47. Kxe2 Kf6 48. Kd3 Ke5 49. c5 bxc5 
50. bxc5 dxc5 
0-1

[Event "34th Chess Olympiad (men)"]
[Site "Istanbul"]
[Date "2000.10.30"]
[Round "3.56.4"]
[White "Mcleod, Robert"]
[Black "Jackson, Francis"]
[WhiteElo "2000"]
[BlackElo "2000"]
[WhiteCountry "JCI"]
[BlackCountry "ISV"]
[Result "1/2-1/2"]

1. e4 e5 2. Nf3 d6 3. d4 exd4 4. Nxd4 Be7 5. Nc3 c6 6. Bc4 Nf6 7. O-O O-O 
8. Nf5 Bxf5 9. exf5 Nbd7 10. Re1 Ne5 11. Bd3 Qd7 12. Re3 Nfg4 13. Rg3 Nf6 
14. Bh6 g6 15. fxg6 fxg6 16. Bxf8 Rxf8 17. Qe2 Kh8 18. Re1 Bd8 19. h3 Re8 
20. Qd2 Nh5 21. Ne4 Nxg3 22. Nxg3 Nxd3 
1/2-1/2

[Event "34th Chess Olympiad (men)"]
[Site "Istanbul"]
[Date "2000.10.30"]
[Round "3.57.1"]
[White "Omolo, Keneth"]
[Black "Li Ying, Denis"]
[WhiteElo "2053"]
[BlackElo "2090"]
[WhiteCountry "KEN"]
[BlackCountry "MRI"]
[Result "1/2-1/2"]

1. d4 Nf6 2. Nf3 e6 3. g3 d5 4. Bg2 Be7 5. O-O O-O 6. c4 c6 7. Nc3 dxc4 
8. Ne5 Nbd7 9. Nxc4 c5 10. dxc5 Bxc5 11. Qc2 a6 12. a3 Qc7 13. b3 Rb8 
14. Ne4 Nxe4 15. Qxe4 b5 16. Bf4 e5 17. Nxe5 Nxe5 18. Bxe5 Bd6 19. Rac1 Qe7 
20. Bxd6 Qxd6 21. b4 Bb7 22. Qf5 Bxg2 23. Kxg2 g6 24. Qf3 Rbc8 25. Rfd1 Qe6 
26. Rxc8 Rxc8 27. Rd3 Kg7 28. Re3 Qd6 29. Rc3 Rxc3 30. Qxc3+ Kg8 31. h3 h5 
32. h4 Qd5+ 33. Qf3 Qe6 34. Qd3 Qc6+ 35. e4 Qc1 36. Qf3 Qb2 37. Qe3 Qa2 
38. Qc3 Qe6 39. Qd4 Qa2 40. Qe3 Kg7 41. e5 Qd5+ 42. Kh2 Qa2 
1/2-1/2

[Event "34th Chess Olympiad (men)"]
[Site "Istanbul"]
[Date "2000.10.30"]
[Round "3.57.2"]
[White "Chinasamy, Devarajen"]
[Black "Magana, Ben"]
[WhiteElo "2020"]
[BlackElo "2000"]
[WhiteCountry "MRI"]
[BlackCountry "KEN"]
[Result "0-1"]

1. e4 e5 2. Nf3 Nc6 3. Bc4 Nf6 4. Nc3 Bc5 5. O-O d6 6. h3 O-O 7. d3 Be6 
8. Bxe6 fxe6 9. Na4 Bb6 10. Nxb6 axb6 11. Bg5 Qd7 12. a3 d5 13. exd5 exd5 
14. Re1 Rae8 15. Qd2 Nh5 16. Kh2 h6 17. Bh4 Rxf3 18. Qe2 Nd4 19. Qd1 Rf5 
20. c3 Nf3+ 21. gxf3 Rf4 22. Bg3 Rh4 
0-1

[Event "34th Chess Olympiad (men)"]
[Site "Istanbul"]
[Date "2000.10.30"]
[Round "3.57.3"]
[White "Kanegeni, Mathew"]
[Black "Seegolam, Pradeep"]
[WhiteElo "2000"]
[BlackElo "2000"]
[WhiteCountry "KEN"]
[BlackCountry "MRI"]
[Result "1-0"]

1. e4 e5 2. Nf3 Nc6 3. Bb5 a6 4. Ba4 Nf6 5. O-O Be7 6. Re1 b5 7. Bb3 d6 
8. c3 O-O 9. h3 Nb8 10. d4 Nbd7 11. Nbd2 Re8 12. Nf1 Bf8 13. Ng3 g6 
14. dxe5 Nxe5 15. Nh2 Bb7 16. f4 Ned7 17. Bc2 h6 18. Ng4 Bg7 19. Nf2 Re7 
20. a4 Qe8 21. axb5 axb5 22. Rxa8 Bxa8 23. b4 Nd5 24. Ne2 Nxc3 25. Nxc3 Bxc3 
26. Bd2 Bg7 27. Bd3 Nf6 28. Bc3 Nxe4 29. Bxg7 Kxg7 30. Bxe4 Bxe4 31. Qd4+ f6 
32. Rxe4 Rxe4 33. Qxe4 Qxe4 34. Nxe4 f5 35. Nc3 c6 36. Kf2 Kf6 37. Ke3 g5 
38. g3 h5 39. h4 g4 40. Kd4 Ke6 41. Ne2 Kf6 42. Nc1 Kf7 43. Nb3 Ke6 44. Kd3 Kd5 
45. Nd4 c5 46. Nxf5 Ke6 47. Ne3 cxb4 48. Nc2 b3 49. Nd4+ Kd5 50. Nxb3 b4 
51. Nd4 Kc5 52. Ke4 d5+ 53. Ke5 Kc4 54. f5 
1-0

[Event "34th Chess Olympiad (men)"]
[Site "Istanbul"]
[Date "2000.10.30"]
[Round "3.58.1"]
[White "Siban, Michael"]
[Black "Righi, Ezio"]
[WhiteElo "2000"]
[BlackElo "2118"]
[WhiteCountry "SUR"]
[BlackCountry "SMR"]
[Result "1/2-1/2"]

1. e4 e5 2. Nf3 Nc6 3. Bc4 Bc5 4. d3 Nf6 5. O-O d6 6. Bg5 Na5 7. Bb3 Nxb3 
8. axb3 O-O 9. Nc3 h6 10. Bxf6 Qxf6 11. Nd5 Qd8 12. b4 Bb6 13. Nxb6 cxb6 
14. d4 Bg4 15. Ra3 Qe7 16. Qd2 Rfc8 17. Rc1 b5 18. dxe5 dxe5 19. Ne1 Rd8 
20. Rd3 Be6 21. Rd1 Rxd3 22. Nxd3 Rd8 23. Qe1 Qd6 24. f3 f6 25. Nf2 Qc7 
26. Rxd8+ Qxd8 27. Qd1 Qxd1+ 28. Nxd1 Kf7 29. Kf2 Ke7 30. Ke2 Kd6 31. Ne3 b6 
32. Kd2 a5 33. Kc3 Kc6 34. Nf1 
1/2-1/2

[Event "34th Chess Olympiad (men)"]
[Site "Istanbul"]
[Date "2000.10.30"]
[Round "3.58.2"]
[White "Volpinari, Danilo"]
[Black "Matoewi, Roger"]
[WhiteElo "2084"]
[BlackElo "2000"]
[WhiteCountry "SMR"]
[BlackCountry "SUR"]
[Result "0-1"]

1. d4 Nf6 2. Nf3 g6 3. Bf4 Bg7 4. e3 d6 5. h3 Nbd7 6. Be2 O-O 7. c3 b6 
8. O-O Bb7 9. a4 Ne4 10. a5 e5 11. Bh2 Qe7 12. Qb3 exd4 13. cxd4 Ndf6 
14. Na3 Rfe8 15. Rac1 Rac8 16. Nb5 a6 17. Na7 Ra8 18. axb6 cxb6 19. Nc6 Qd7 
20. Nb4 b5 21. Qd1 Rec8 22. Nd3 a5 23. Rxc8+ Rxc8 24. Nd2 Ng5 25. Nf4 Qc6 
26. f3 Bh6 27. Qb3 Qc2 28. Rd1 Qxb3 29. Nxb3 a4 30. Na5 Ba6 31. Bd3 d5 
32. Kf2 Bf8 33. h4 Ne6 34. Nb7 Bxb7 35. Bxb5 Rc2+ 36. Kg1 Bc6 37. Bxc6 Rxc6 
38. Ra1 Ra6 39. Nd3 Nd7 40. Kf1 a3 41. bxa3 Rxa3 42. Rxa3 Bxa3 43. Ke2 Nb6 
44. Bg3 h5 45. Be1 Kg7 46. Bg3 Nc4 47. Bf2 Kf6 48. Bg1 Kf5 49. Bf2 Bd6 
50. Nc1 Ng7 51. Nd3 Ke6 52. Ne1 Nf5 53. Nc2 Be7 54. g3 Bd6 55. g4 Ng3+ 
56. Kd3 hxg4 57. fxg4 Ne4 58. Be1 Nf6 59. g5 Ne4 60. Ke2 Bg3 61. Bxg3 Nxg3+ 
62. Kd3 Nd6 63. Ne1 Ndf5 64. Ng2 Kd6 65. Kd2 Ne7 66. Kd3 Ke6 67. Ne1 Kf5 
0-1

[Event "34th Chess Olympiad (men)"]
[Site "Istanbul"]
[Date "2000.10.30"]
[Round "3.58.3"]
[White "Gajadin, Dew"]
[Black "Renzi, Nicola"]
[WhiteElo "2202"]
[BlackElo "2000"]
[WhiteCountry "SUR"]
[BlackCountry "SMR"]
[Result "1-0"]

1. e4 d6 2. d4 Nf6 3. Nc3 c6 4. f4 Qa5 5. Bd3 d5 6. exd5 Bg4 7. Nf3 Nxd5 
8. Bd2 e6 9. h3 Bxf3 10. Qxf3 Bb4 11. Bc4 Qb6 12. a3 Qxd4 13. Bxd5 Bxc3 
14. Bxc6+ Nxc6 15. Bxc3 Qc4 16. Rd1 O-O 17. Rd3 Rad8 18. O-O Qc5+ 19. Kh1 Rxd3 
20. Qxd3 e5 21. fxe5 Nxe5 22. Qf5 f6 23. Bb4 Qc6 24. Bxf8 Kxf8 25. Qxe5 
1-0

[Event "34th Chess Olympiad (men)"]
[Site "Istanbul"]
[Date "2000.10.30"]
[Round "3.58.4"]
[White "Cecchetti, Roberto"]
[Black "Treu, Auke"]
[WhiteElo "2000"]
[BlackElo "2000"]
[WhiteCountry "SMR"]
[BlackCountry "SUR"]
[Result "0-1"]

1. d4 Nf6 2. Nf3 g6 3. Bf4 Bg7 4. e3 O-O 5. Be2 d5 6. h3 Nbd7 7. O-O c5 
8. c3 Qb6 9. Qb3 Qxb3 10. axb3 cxd4 11. exd4 Nh5 12. Bh2 Re8 13. Bb5 a6 
14. Ba4 Nhf6 15. Ne5 Rf8 16. Rd1 e6 17. Nd3 Ne8 18. Nd2 Nb6 19. Nc5 Bf6 
20. Nf3 Be7 21. Nd3 Bd7 22. Bxd7 Nxd7 23. Nfe5 Nef6 24. Nxd7 Nxd7 25. Re1 Rfe8 
26. Re2 Nf6 27. Rae1 Rac8 28. Be5 Ne4 29. f3 Nf6 30. Nf4 Red8 31. Nd3 Nd7 
32. Bh2 Bf8 33. Bf4 h6 34. Bg3 Nf6 35. Bh4 g5 36. Bg3 Nh5 37. Bh2 Bd6 
38. Bxd6 Rxd6 39. Kh2 Nf6 40. Nc5 Rc7 41. Nd3 Nd7 42. Kg3 Kg7 43. h4 Nf8 
44. hxg5 hxg5 45. Kg4 f6 46. Nc5 Kf7 47. g3 Re7 48. f4 Kg6 49. fxg5 fxg5 
50. Re5 Nh7 51. Rxe6+ Rdxe6 52. Rxe6+ Rxe6 53. Nxe6 Nf6+ 54. Kf3 Ne4 
55. Nc7 Nd2+ 56. Kg4 Nxb3 57. Nxd5 Nd2 58. Ne3 a5 59. d5 b5 60. d6 Ne4 
61. Nf5 Nf6+ 62. Kf3 Kxf5 63. b3 a4 64. bxa4 bxa4 65. c4 Nd7 
0-1

[Event "34th Chess Olympiad (men)"]
[Site "Istanbul"]
[Date "2000.10.30"]
[Round "3.59.1"]
[White "Murasira, Albert"]
[Black "Mueller, Leonhard"]
[WhiteElo "2000"]
[BlackElo "2249"]
[WhiteCountry "RWA"]
[BlackCountry "NAM"]
[Result "0-1"]

1. e4 c5 2. Nf3 d6 3. c3 Nf6 4. Qc2 g6 5. d4 cd4 6. cd4 Bg7 7. Be3 O-O 
8. Bd3 Nc6 9. a3 Ng4 10. Qd2 Ne3 11. Qe3 Qb6 12. O-O Nd4 13. Nbd2 Nf3+ 
14. Nf3 Qe3 15. fe3 Bb2 16. Ra2 Bg7 17. Bc4 Bh6 18. Kf2 Bd7 19. e5 Rac8 
20. Bb3 Rc3 21. Bd5 Be3+ 22. Kg3 Be6 23. Be6 fe6 24. ed6 ed6 25. Re2 d5 
26. Rfe1 d4 27. h4 e5 28. Kh2 e4 29. Ne5 Bf4+ 30. Kh1 Be5 31. Re4 Bg3 
32. Rd1 Rd8 33. h5 d3 34. Re3 Bf4 35. Rf3 Rc1 36. Rc1 Bc1 37. hg6 d2 
38. gh7+ Kh8 39. Rf1 d1Q 40. Rd1 Rd1+ 
0-1

[Event "34th Chess Olympiad (men)"]
[Site "Istanbul"]
[Date "2000.10.30"]
[Round "3.59.2"]
[White "Leicher, Helmuth"]
[Black "Rutayisire, Johnson"]
[WhiteElo "2000"]
[BlackElo "2000"]
[WhiteCountry "NAM"]
[BlackCountry "RWA"]
[Result "1-0"]

1. e4 d6 2. d4 c5 3. dc5 dc5 4. Qd8+ Kd8 5. Bc4 Be6 6. Be6 fe6 7. Nf3 Nc6 
8. Ng5 Ke8 9. Ne6 Kf7 10. Ng5+ Ke8 11. Be3 e5 12. Ne6 Kf7 13. Nf8 Rf8 
14. Bc5 Rd8 15. c3 Nf6 16. f3 Rhe8 17. Nd2 b6 18. Be3 Rd3 19. Ke2 Red8 
20. Rad1 Na5 21. Nb3 Rd1 22. Rd1 Rd1 23. Kd1 Nb3 24. ab3 g6 25. Kd2 Ke6 
26. Kd3 Nd7 27. b4 Kd6 28. c4 Kc6 29. b5+ Kb7 30. b4 Nb8 31. f4 Nd7 32. c5 bc5 
33. bc5 Kb8 34. c6 Nf6 35. fe5 Ng4 36. Kd4 h5 37. h3 Ne3 38. Ke3 Kc7 
39. Kf4 Kb6 40. Kg5 Kb5 41. c7 Kc4 42. c8Q+ Kd3 43. e6 Ke4 44. e7 
1-0

[Event "34th Chess Olympiad (men)"]
[Site "Istanbul"]
[Date "2000.10.30"]
[Round "3.59.3"]
[White "Murara, Maxence"]
[Black "Nakapunda, Otto"]
[WhiteElo "2000"]
[BlackElo "2157"]
[WhiteCountry "RWA"]
[BlackCountry "NAM"]
[Result "0-1"]

1. e4 c6 2. Nf3 d5 3. e5 Bg4 4. Be2 e6 5. d4 c5 6. c3 Nc6 7. Qb3 Qc7 
8. Be3 Nge7 9. Nbd2 Nf5 10. h3 Ne3 11. fe3 Bh5 12. Rc1 Be7 13. c4 dc4 
14. Bc4 O-O 15. Bd3 Rfd8 16. dc5 Ne5 17. Ne5 Qe5 18. e4 Qg3+ 19. Kf1 Bh4 
0-1

[Event "34th Chess Olympiad (men)"]
[Site "Istanbul"]
[Date "2000.10.30"]
[Round "3.59.4"]
[White "Oberholzer, Rex"]
[Black "Uwihoreye, Charles"]
[WhiteElo "2200"]
[BlackElo "2000"]
[WhiteCountry "NAM"]
[BlackCountry "RWA"]
[Result "1-0"]

1. e4 d6 2. d4 e6 3. Nf3 Be7 4. Be2 c6 5. O-O Nd7 6. c3 Qc7 7. Nbd2 h6 
8. Nc4 d5 9. ed5 ed5 10. Nce5 Ngf6 11. Bd3 Nb6 12. h3 Be6 13. a4 O-O-O 
14. b4 Bd6 15. Re1 Nfd7 16. Qb3 f6 17. Nc6 bc6 18. Re6 Rhe8 19. Re8 Re8 
20. Bd2 Kd8 21. a5 Nc8 22. c4 dc4 23. Bc4 g5 24. b5 cb5 25. Bb5 Qb8 26. Qa4 Re7 
27. Rc1 Bc7 28. Bc6 Nd6 29. Bb4 Nf8 30. Nd2 Ng6 31. g3 h5 32. Bd6 Bd6 33. a6 h4 
34. Bb7 Rc7 35. Re1 Re7 36. Re7 Ke7 37. Qc2 Kf7 38. g4 Qe8 39. Ne4 Bb8 
40. Bc6 Qe7 41. Qb3+ Kg7 42. Qb8 Nf4 43. Qb7 Kf8 44. Qe7+ Ke7 45. Kh2 Ne6 
46. d5 Nd8 47. Bb7 Nf7 48. Kg2 Nd6 49. Kf3 Ne8 50. Ke3 Kd8 51. f4 gf4+ 
52. Kf4 Ke7 53. g5 fg5+ 54. Kg5 
1-0

[Event "34th Chess Olympiad (men)"]
[Site "Istanbul"]
[Date "2000.10.30"]
[Round "3.60.1"]
[White "Frick, Renato"]
[Black "Carrera, Alhan"]
[WhiteElo "2156"]
[BlackElo "2135"]
[WhiteCountry "LIE"]
[BlackCountry "PAN"]
[Result "1-0"]

1. e4 c5 2. Nf3 e6 3. d4 cxd4 4. Nxd4 a6 5. Bd3 Nc6 6. Be3 Nf6 7. O-O g6 
8. Nc3 Bg7 9. f4 h5 10. h3 d6 11. Qe2 Nxe4 12. Nxe6 Nxc3 13. Nxg7+ Kf8 
14. bxc3 Kxg7 15. Rad1 Be6 16. f5 Bxa2 17. Ra1 Qa5 18. Qf2 Raf8 19. Bd4+ Ne5 
20. Bc4 f6 21. Bxa2 Qc7 22. Bd5 g5 23. Rfb1 Rb8 24. Rb3 Kh6 25. Ba7 Rbe8 
26. Bb6 Qc8 27. Bd4 Re7 28. Rb6 Rd8 29. Rab1 a5 30. Rxb7 Rxb7 31. Rxb7 a4 
32. Ra7 Qb8 33. Rxa4 Qb1+ 34. Kh2 Qd1 35. Ra8 Rd7 36. Rh8+ Kg7 37. Rg8+ Kh7 
38. Rb8 Kh6 39. Rb6 Ra7 40. Qg1 Qxc2 41. Qf1 Ra5 42. Rxd6 Kg7 43. Bxe5 Rxd5 
44. Bxf6+ Kf7 45. Rxd5 Qe4 46. Rd4 Qe3 47. Qc4+ Kxf6 48. Rd6+ Kxf5 49. Qf7+ 
1-0

[Event "34th Chess Olympiad (men)"]
[Site "Istanbul"]
[Date "2000.10.30"]
[Round "3.60.2"]
[White "Cedeno, Ahmed"]
[Black "Guller, Andras"]
[WhiteElo "2095"]
[BlackElo "2141"]
[WhiteCountry "PAN"]
[BlackCountry "LIE"]
[Result "1-0"]

1. e4 c5 2. Nf3 e6 3. c3 d5 4. exd5 exd5 5. d4 c4 6. b3 cxb3 7. axb3 Bd6 
8. Be2 Ne7 9. O-O O-O 10. Na3 Nbc6 11. Nc2 Be6 12. Ne3 Qc7 13. Bd3 Ng6 
14. g3 b6 15. Bd2 Rad8 16. Ng5 Nce7 17. Qh5 h6 18. Nxe6 fxe6 19. Bxg6 Rf6 
20. Bd3 Rdf8 21. f4 a5 22. Ng4 R6f7 23. Rae1 Qc8 24. Re2 Nf5 25. Rfe1 b5 
26. Rxe6 b4 27. Bxf5 Rxf5 28. Nxh6+ gxh6 29. Qg6+ 
1-0

[Event "34th Chess Olympiad (men)"]
[Site "Istanbul"]
[Date "2000.10.30"]
[Round "3.60.3"]
[White "Mannhart, Marcel"]
[Black "Miranda, Adrian"]
[WhiteElo "2061"]
[BlackElo "2000"]
[WhiteCountry "LIE"]
[BlackCountry "PAN"]
[Result "1-0"]

1. Nc3 d5 2. e4 d4 3. Nce2 e5 4. Ng3 Be6 5. Nf3 Nd7 6. c3 c5 7. Be2 Be7 
8. O-O Ngf6 9. Ng5 Qb6 10. b3 O-O 11. c4 Rfd8 12. Nxe6 Qxe6 13. d3 a6 
14. Nf5 Bf8 15. g3 b5 16. f4 bxc4 17. bxc4 g6 18. Nh4 exf4 19. gxf4 Qh3 
20. Ng2 Qe6 21. Qe1 Bg7 22. Qh4 Rab8 23. Bf3 Nb6 24. f5 gxf5 25. exf5 Qe8 
26. Bf4 Rbc8 27. Kh1 Nbd7 28. Rae1 Qf8 29. Rg1 Kh8 30. Bb7 Ng8 31. Ref1 Ndf6 
32. Bxc8 Rxc8 33. Rb1 Qe8 34. Rb6 Rc6 35. Rb7 Qe2 36. Rxf7 Ng4 37. Re1 Qf3 
38. Kg1 Rb6 39. h3 Rb2 40. Qxg4 Rxg2+ 41. Qxg2 
1-0

[Event "34th Chess Olympiad (men)"]
[Site "Istanbul"]
[Date "2000.10.30"]
[Round "3.60.4"]
[White "Carrillo, Jose"]
[Black "Mundle, Kurt"]
[WhiteElo "2000"]
[BlackElo "2000"]
[WhiteCountry "PAN"]
[BlackCountry "LIE"]
[Result "1/2-1/2"]

1. e4 e6 2. Qe2 c5 3. f4 Nc6 4. c3 Nge7 5. Nf3 d5 6. d3 d4 7. g3 Qc7 8. e5 Bd7 
9. Bg2 Nf5 10. Bh3 g6 11. Bxf5 gxf5 12. Ng5 Ne7 13. O-O Bc6 14. Nd2 Ng6 
15. Re1 Be7 16. Nc4 b5 17. Nd6+ Bxd6 18. exd6 Qxd6 19. Nf3 Rd8 20. cxd4 cxd4 
21. Bd2 Qd5 22. Kf2 O-O 23. Rac1 h6 24. Bb4 Rfe8 25. Rc5 Qd7 26. Rec1 Rc8 
27. h4 Bb7 28. h5 Bxf3 29. Qxf3 Ne7 30. g4 
1/2-1/2

[Event "34th Chess Olympiad (men)"]
[Site "Istanbul"]
[Date "2000.10.30"]
[Round "3.61.1"]
[White "Faulks, Nick"]
[Black "Rowe, Peter"]
[WhiteElo "2025"]
[BlackElo "2092"]
[WhiteCountry "BER"]
[BlackCountry "GCI"]
[Result "0-1"]

1. e4 Nc6 2. Nc3 g6 3. d4 d6 4. Be3 Bg7 5. Qd2 Nf6 6. O-O-O Ng4 7. Nf3 Ne3 
8. fe3 Bg4 9. Qf2 e6 10. Be2 Qe7 11. h3 Bf3 12. gf3 a6 13. f4 O-O-O 
14. Rhg1 Rhe8 15. Qf3 Nb8 16. Rg5 c6 17. Ra5 Qc7 18. Ra3 h5 19. b4 d5 
20. e5 Bf8 21. Rb3 Nd7 22. Qf1 Nb6 23. a4 Kd7 24. a5 Nc8 25. Na4 Na7 
26. Qg2 Rb8 27. Qg5 Be7 28. Qg1 Nc8 29. Qe1 b6 30. Ba6 ba5 31. ba5 Rb3 
32. cb3 Qa7 33. Bd3 Qb7 34. Kb2 Bb4 35. Qe2 Na7 36. a6 Qc7 37. Rc1 Rb8 
38. Qg2 Qa5 39. Qg5 Be7 40. Nc5+ Bc5 41. dc5 Qd2+ 42. Bc2 Nb5 43. Qf6 Rf8 
44. Qg7 Ke8 45. a7 Qc3+ 46. Kb1 Na7 47. Bd1 Qe3 48. Kc2 Qc5+ 49. Kd2 Qf2+ 
0-1